El yazmaları dünyasında Türkiye'nin yeri = (Record no. 13698)
| 000 -BAŞLIK | |
|---|---|
| Sabit Uzunluktaki Kontrol Alanı | 01359nam a22003737a 4500 |
| 001 - KONTROL NUMARASI | |
| Control Dosyası | 0013734 |
| 003 - KONTROL NUMARASI KİMLİĞİ | |
| Kontrol Alanı | KOHA_MİRAKIL |
| 005 - EN SON İŞLEM TARİHİ ve ZAMANI | |
| Kontrol Alanı | 20260207001930.0 |
| 007 - FİZİKSEL TANIM SABİT ALAN - GENEL BİLGİ | |
| Sabit uzunluklu kontrol alanı | ta |
| 008 - SABİT UZUNLUKTAKİ VERİ ÖGELERİ - GENEL BİLGİ | |
| Sabit Alan | 100219b1997 tu |||gr||||#||||0|tur | |
| 020 ## - ISBN - ULUSLARARASI STANDART KİTAP NUMARASI | |
| Isbn | 9751718686 |
| Kullanılabilirlik koşulları | 0,01 |
| 040 ## - KATALOGLAMA KAYNAĞI | |
| Özgün Kataloglama Kurumu | TR-BiSEU |
| Kataloglama Dili | tur |
| Çeviri Kurumu | TR-BiSEU |
| Açıklama Kuralları | rda |
| 041 0# - DİL KODU | |
| Metin ya da ses kaydının dil kodu | tur |
| 044 ## - YAYINLAYAN/ÜRETEN KURULUŞUN ÜLKE KODU | |
| ISO country code | tu |
| 050 ## - SINIFLAMA ve YER NUMARASI | |
| Sınıflama Numarası | Z6605.T8 |
| Yer Numarası | D86 1997 |
| 100 1# - KİŞİ ADI | |
| Yazar Adı (Kişi adı) | Duman, Hasan. |
| 240 10 - TEK BİÇİM BAŞLIK | |
| Tekbiçim Başlık | <a href="The role of Turkey in the world of manuscripts">The role of Turkey in the world of manuscripts</a> |
| Language of a work | Türkçe |
| 245 1# - ESER ADI BİLDİRİMİ | |
| Başlık | El yazmaları dünyasında Türkiye'nin yeri = |
| Alt Eseradı vb. | The role of Turkey in the world of manuscripts/ |
| Sorumluluk Bildirimi | Hasan Duman ; Hasan Duman. |
| 264 #1 - ÜRERİM, YAYIN, DAĞITIM ve TELİF BİLDİRİMİ | |
| Yayın yeri | Ankara : |
| Yayınlayan | Kültür Bakanlığı |
| Yayın tarihi | 1997 |
| 300 ## - FİZİKSEL TANIMLAMA | |
| Sayfa, Cilt vb. | 70, [46] sayfa: resimli; 22 cm. |
| 336 ## - İÇERİK TÜRÜ | |
| Content type term | metin |
| Content type code | txt |
| Source | rdacontent |
| 337 ## - MEDYA TÜRÜ | |
| Media type term | aracısız |
| Media type code | n |
| Source | rdamedia |
| 338 ## - TAŞIYICI TÜRÜ | |
| Carrier type term | cilt |
| Carrier type code | nc |
| Source | rdacarrier |
| 490 1# - DİZİ BİLDİRİMİ | |
| Dizi Bildirimi | Kültür Bakanlığı yayınları ; |
| Cilt Numarası | 1992. |
| 490 1# - DİZİ BİLDİRİMİ | |
| Dizi Bildirimi | Yayımlar Dairesi Başkanlığı kültür eserleri dizisi ; |
| Cilt Numarası | 200. |
| 500 ## - GENEL NOT | |
| Genel Not | Kitap Osmanlıca metin içermektedir. |
| 650 #0 - KONU BAŞLIĞI EK GİRİŞ - KONU TERİMİ | |
| Konusal terim veya coğrafi ad | Manuscripts--Turkey. |
| 9 (RLIN) | 32289 |
| 650 #0 - KONU BAŞLIĞI EK GİRİŞ - KONU TERİMİ | |
| Konusal terim veya coğrafi ad | Manuuscripts. |
| 9 (RLIN) | 32290 |
| 650 #0 - KONU BAŞLIĞI EK GİRİŞ - KONU TERİMİ | |
| Konusal terim veya coğrafi ad | El yazmaları--Türkiye. |
| 9 (RLIN) | 32291 |
| 650 #0 - KONU BAŞLIĞI EK GİRİŞ - KONU TERİMİ | |
| Konusal terim veya coğrafi ad | El yazmaları. |
| 9 (RLIN) | 32292 |
| 830 1# - SERİ EK GİRİŞİ - TEKBİÇİM ESER ADI | |
| Tekbiçim Başlık | Kültür Bakanlığı yayınları ; |
| Volume number/sequential designation | 1992. |
| 9 (RLIN) | 6658 |
| 830 1# - SERİ EK GİRİŞİ - TEKBİÇİM ESER ADI | |
| Tekbiçim Başlık | Yayımlar Dairesi Başkanlığı kültür eserleri dizisi ; |
| Volume number/sequential designation | 200. |
| 9 (RLIN) | 13801 |
| 942 ## - EK GİRİŞ ÖGELERİ (KOHA) | |
| Source of classification or shelving scheme | Library of Congress Classification |
| Koha item type | Book |
| Materyal Türü | Kalıcı Konum | Mevcut Konum | Raf Yeri | Sınıflandırma Kaynağı | Edinim Bilgisi | Ana Konular | Alt Konular | Yer Numarası | Demirbaş Numarası | Fatura Tarihi | Geri Çekilme Durumu | Kayıp Durumu | Hasarlı Durumu | Kredi için değil | Kayıt Tarih | Toplam Ödünçverme | Son Görülme Tarihi | Son Kontrol Tarihi | Genel / Bağış Notu |
|---|---|---|---|---|---|---|---|---|---|---|---|---|---|---|---|---|---|---|---|
| Book | Prof. Dr. Azmi Özcan Kütüphanesi | Prof. Dr. Azmi Özcan Kütüphanesi | Birûni Salonu | Library of Congress Classification | Bağış | BİBLİYOGRAFYA, KÜTÜPHANE BİLİMİ | Kitaplar (Genel), Yazı, Kütüphaneler, Bibliyografya | Z6605.T8 D86 1997 | 0013734 | 13/08/2010 | 19/02/2010 | 05/12/2024 | 05/12/2024 | Genel Bağış |
